000 00422cam a2200181ua 4500
001 2300
008 110806n ii |||gr||||Z||||||asm
040 _cMAIN
082 _a150
100 _aGoswami, Sarat Chandra,
245 1 _aMonobigyan
_cby Sarat Chandra Goswami
250 _a2nd.
260 _aGuahati:
_b[s.n].,964.
300 _a466p:
_bill;
_c23cm.
653 _aPsychology
653 _aMonobigyan
942 _cBK
999 _c2162
_d2162